000 01100nam a2200265Ia 4500
003 OSt
005 20221005104727.0
006 a|||||r|||| 00| 0
007 ta
008 221004b |||||||| |||| 00| 0 hin d
020 _c120
024 _a8758
037 _b20477, 08/01/2014, Hindi Madhyam Karyanvyan Nideshalye
_cTextual
040 _aCRL
_cCRL
_bhin
041 _2hin
_ahin
082 _aV2y7M69:g, 152N5
100 _aगर्ग, पूनम
245 0 _aगांधी की विचारधारा पर पश्चिम का प्रभाव
246 _aGāandhī kī vichāradhārā par pashchim kā prabhāva
260 _aदिल्ली
_bविश्वविद्यालय हिन्दी माध्यम कार्यान्वय निदेशालय भारत
_c1995
300 _a118पृ0
_ccm.
650 _aविश्व-इतिहास
942 _hV2y7M69:g, 152N5
_cTEXL
_2cc
999 _c1013608
_d1013608